000 00403cam a2200169ua 4500
041 _amal
_h
082 _a894.8122
_bRAD/DA
100 _aRadhakrishnan, K S .
_95969
245 _aDaivam alpam tamasichu poyi /
_cK S Radhakrishnan.
_hTextual Documents
260 _aThrissur :
_bCurrent Books ,
_c1992.
300 _a62 ; .
504 _a
942 _cBK
999 _c49
_d49
003 @
003 OSt